00442pam a2200121 a 4500020000500000041000500005082001700010245007800027260007300105300001900178653003500197700008800232 c h a005.133bCOR aVisual C++ .NET: A Primer for C++ Developers / cNULL.hTextual Documents aNavi Mumbai : bShroff Publishers & Distributors Pvt. Ltd. , c2002. a878 ; c24*18. aProgramming Languages (A To Z) aFraser, Stephen.aGentile, Sam.aKumar, Niranjan.aMclean, Scott.aRobinson, Simon.